The financial development of Japan, 1868 - 1977

Saved in:
Bibliographic Details
Main Author: Raymond W. Goldsmith
Format: Book
Language:Undetermined
Published: New Haven Yale University Press 1983
Subjects:
Tags: Add Tag
No Tags, Be the first to tag this record!
Institutions: Trung tâm Học liệu Trường Đại học Cần Thơ
LEADER 00523nam a2200193Ia 4500
001 CTU_84993
008 210402s9999 xx 000 0 und d
082 |a 332.0952 
082 |b G622 
100 |a Raymond W. Goldsmith 
245 4 |a The financial development of Japan, 1868 - 1977 
245 0 |c Raymond W. Goldsmith 
260 |a New Haven 
260 |b Yale University Press 
260 |c 1983 
650 |a finance 
650 |x history 
650 |z Japan 
980 |a Trung tâm Học liệu Trường Đại học Cần Thơ